The bright star catalogue /

Bibliographic Details
Main Author: Hoffleit, Dorrit
Corporate Author: Yale University. Observatory
Other Authors: Jaschek, Carlos
Format: Book
Language:English
Published: New Haven, Connecticut : Yale University Observatory, 1982.
Edition:4th rev. ed.
Subjects:

MARC

Tag First Indicator Second Indicator Subfields
LEADER 00000cam a2200000 a 4500
001 in00000511005
005 20151013070003.0
008 820521s1982 ctu c 00010 eng d
035 |a (OCoLC)08448917 
035 |9 ACD9746AM 
040 |a RAO  |c RAO  |d TXA  |d UtOrBLW 
049 |a TXAM  |c [1389258] 
090 |a QB6  |b .Y3 1982 
100 1 |a Hoffleit, Dorrit. 
245 1 4 |a The bright star catalogue /  |c by Dorrit Hoffleit with the collaboration of Carlos Jaschek. 
250 |a 4th rev. ed. 
264 1 |a New Haven, Connecticut :  |b Yale University Observatory,  |c 1982. 
300 |a xv, 472 pages ;  |c 28 cm. 
336 |a text  |b txt  |2 rdacontent 
337 |a unmediated  |b n  |2 rdamedia 
338 |a volume  |b nc  |2 rdacarrier 
650 0 |a Stars  |v Catalogs. 
700 1 |a Jaschek, Carlos. 
710 2 |a Yale University.  |b Observatory. 
999 |a MARS 
999 f f |s f903a01b-0e1b-3fb1-8b26-fff0767a3286  |i 720a8c39-13c9-343c-8c3b-e0bb567288ea  |t 0 
952 f f |p ric  |a Texas A&M University  |b Rellis Campus  |c Joint Library Facility  |d Remote Storage  |t 0  |e QB6 .Y3 1982  |h Library of Congress classification  |i unmediated -- volume  |m A14807836069 
998 f f |a QB6 .Y3 1982  |t 0  |l Remote Storage